Pohjois-Pohjanmaan maakunnan kuntien vaakunat - Statistics

Yleistilastot
  • Tätä visaa on pelattu 143 kertaa
  • Keskiarvotulos 35 / 51
Vastaustilastot
Kuvavisa Vastaus % Oikein
Oulu
96%
Ii (–2006)
88%
Ii (2007–) / Kuivaniemi
88%
Raahe
87%
Haapavesi
86%
Kalajoki (2010–) / Himanka
86%
Liminka
82%
Alavieska
81%
Haapajärvi
81%
Kalajoki (–2009)
81%
Kempele
81%
Lumijoki
81%
Nivala
81%
Ylivieska
81%
Oulainen
80%
Pyhäjärvi (Ol) (Pyhäsalmi)
80%
Pyhäjoki
80%
Siikajoki (–2006)
80%
Siikajoki (2007–)
80%
Kuusamo
79%
Hailuoto
78%
Muhos
78%
Siikalatva
78%
Pudasjärvi
76%
Pyhäntä
76%
Tyrnävä
76%
Sievi
75%
Utajärvi
75%
Vaala
75%
Merijärvi
74%
Taivalkoski
74%
Reisjärvi
70%
Kärsämäki
66%
Haukipudas
63%
Yli-Ii
59%
Kiiminki
57%
Oulunsalo
57%
Ylikiiminki
56%
Piippola
54%
Pulkkila
54%
Kestilä
51%
Rantsila
51%
Oulujoki
49%
Paavola
47%
Pattijoki
47%
Vihanti
47%
Temmes
46%
Ruukki
45%
Revonlahti
41%
Saloinen
40%
Rautio
36%
Ehtoja vastaavia visoja ei löytynyt
Tulosjakauma
Jokaisen tuloksen saaneiden osuus
Persentiili vastausten määrän mukaan
Tuloshistoriasi
Et ole pelannut tätä visaa